| 000 | 00830nam a2200181Ia 4500 | ||
|---|---|---|---|
| 003 | GCL | ||
| 008 | 140319s9999 xx 000 0 ara d | ||
| 040 |
_aGCL / _cGCL |
||
| 082 | 0 | 4 |
_a923.1531 _bد ر |
| 100 | 1 | _aجامعة الملك سعود | |
| 245 | 1 | 0 |
_aالرواد : _bالملك عبدالعزيز ورجاله الاوفياء الذين دخلوا الرياض فى الخامس من شهر شوال سنة 1319 / _cجامعة الملك سعود |
| 260 |
_aالرياض : _bجامعة الملك سعود ، _c1999 |
||
| 300 |
_aمتعدد ؛ _c18 سم |
||
| 650 | 0 | 4 | _aالملوك والحكام - تراجم |
| 650 | 0 | 4 | _aالملوك السعوديون - تراجم |
| 650 | 0 | 4 | _aالسعودية - تاريخ - العصر الحديث - عبدالعزيز بن عبدالرحمن ال سعود |
| 942 |
_2ddc _cBK |
||
| 999 |
_c6922 _d6922 |
||